[Event "Final GP Rapid TOP 16 2019"]
[Site "Khanty-Mansijsk"]
[Date "2019.12.02"]
[Round "10.5"]
[White "Shimanov, Aleksandr"]
[Black "Shaposhnikov, Evgeny"]
[Result "1-0"]
[WhiteElo "2587"]
[BlackElo "2568"]
[Annotator "RC"]
[PlyCount "79"]
[EventDate "2019.12.01"]
[EventType "tourn"]
[EventCountry "RUS"]
[SourceTitle "playchess.com"]
[Source "ChessBase"]
[SourceQuality "1"]
[TimeControl "900+10"]

1. c4 {[%emt 0:00:00]} c5 {[%emt 0:00:00]} 2. Nf3 {[%emt 0:00:02]} Nc6 {[%emt 0:00:00]} 3. d4 {[%emt 0:00:03]} cxd4 {[%emt 0:00:00]} 4. Nxd4 {[%emt 0:00:02]} g6 {[%emt 0:00:03]} 5. e4 {[%emt 0:00:09]} Bg7 {[%emt 0:00:02]} 6. Be3 {[%emt 0:00:02]} Nf6 {[%emt 0:00:03]} 7. Nc3 {[%emt 0:00:03]} O-O {[%emt 0:00:15]} 8. Be2 {[%emt 0:00:07]} Nxd4 {[%emt 0:00:25]} 9. Bxd4 {[%emt 0:00:10]} d6 {[%emt 0:00:02]} 10. O-O {[%emt 0:00:11]} Bd7 {[%emt 0:00:01]} 11. h3 {[%emt 0:00:16]} Bc6 {[%emt 0:00:07]} 12. Qc2 {[%emt 0:00:05]} a5 {[%emt 0:00:19]} 13. Rad1 {[%emt 0:00:02]} Nd7 {[%emt 0:00:08]} 14. Bxg7 {[%emt 0:00:05]} Kxg7 {[%emt 0:00:02]} 15. Bg4 {[%emt 0:00:03]} Ne5 {[%emt 0:00:09]} 16. c5 {[%emt 0:00:05]} Nxg4 {[%emt 0:00:41]} 17. hxg4 {[%emt 0:00:04]} Qc8 {[%emt 0:00:26]} 18. cxd6 {[%emt 0:00:55]} exd6 {[%emt 0:02:35]} 19. f3 {[%emt 0:00:44]} Qe6 {[%emt 0:00:28]} 20. Rd4 {[%emt 0:00:18]} Rfd8 {[%emt 0:01:32]} 21. Rfd1 {[%emt 0:00:05]} Qe5 {[%emt 0:00:48]} 22. Qd2 {[%emt 0:01:08]} Qc5 {[%emt 0:00:10]} 23. Qf2 {[%emt 0:02:00]} Qe5 {[%emt 0:01:52]} 24. R4d2 {[%emt 0:02:32]} Rd7 {[%emt 0:00:52]} 25. Nd5 {[%emt 0:00:38]} Bxd5 {[%emt 0:02:21]} 26. Rxd5 {[%emt 0:00:02]} Qe6 {[%emt 0:00:49]} 27. e5 {[%emt 0:00:09]} Ra6 {[%emt 0:01:39]} 28. exd6 {[%emt 0:00:29]} h6 {[%emt 0:00:01]} 29. Qd4+ {[%emt 0:04:25]} Qf6 {[%emt 0:00:03]} 30. Qd2 {[%emt 0:00:01]} a4 {[%emt 0:00:14]} 31. f4 {[%emt 0:00:54]} Rb6 {[%emt 0:00:14]} 32. b4 {[%emt 0:00:11]} axb3 {[%emt 0:00:13]} 33. g5 {[%emt 0:00:06]} hxg5 {[%emt 0:00:14]} 34. fxg5 {[%emt 0:00:02]} Qd8 {[%emt 0:00:01]} 35. Qd4+ {[%emt 0:01:59]} Kg8 {[%emt 0:00:10]} 36. axb3 {[%emt 0:00:02]} Rxb3 {[%emt 0:01:19]} 37. Re1 {[%emt 0:00:04]} Qc8 {[%emt 0:01:13]} 38. Rde5 {[%emt 0:00:33]} Rd8 {[%emt 0:00:10]} 39. Re7 {[%emt 0:00:11]} Rf8 {[%emt 0:01:20]} 40. d7 {[%emt 0:00:03]} 1-0

[Event "Final GP Rapid TOP 16 2019"]
[Site "Khanty-Mansijsk"]
[Date "2019.12.02"]
[Round "10.7"]
[White "Murzin, Volodar"]
[Black "Nesterov, Arseniy"]
[Result "1/2-1/2"]
[WhiteElo "2429"]
[BlackElo "2489"]
[Annotator "TA"]
[PlyCount "149"]
[EventDate "2019.12.01"]
[EventType "tourn"]
[EventCountry "RUS"]
[SourceTitle "playchess.com"]
[Source "ChessBase"]
[SourceQuality "1"]

{[%evp 10,149,20,12,16,8,8,8,14,10,10,12,21,7,16,14,28,36,27,42,42,38,60,0,0,0,0,0,0,-20,-12,-41,0,0,0,0,0,-10,-6,-12,-8,-19,-24,-41,0,0,0,0,0,0,0,0,0,0,0,0,0,0,0,0,0,0,0,0,5,0,0,0,0,-30,0,0,0,0,0,0,3,0,0,-16,-19,-35,-22,-24,-29,-28,0,-50,0,0,0,-36,0,-4,-8,-54,-16,-88,-60,-62,-60,-60,-64,-119,0,0,0,0,154,154,154,-15,59,0,117,9,9,0,108,0,10,0,0,0,0,0,0,0,0,0,0,0,0,0,0,0,0,0,10,0,0,0]} 1. e4 e5 2. Nf3 Nc6 3. Bc4 Bc5 4. O-O Nf6 5. d3 d6 6. c3 a5 {C54: Giuoco Piano: 4 c3 Nf6, main lines with 5 d4 and 5 d3} (6... a6 7. a4 Ba7 8. Re1 O-O 9. h3 Kh8 10. b4 Ng8 11. Nbd2 f5 12. b5 Nce7 13. bxa6 bxa6 14. Ba2 Nf6 15. exf5 Nxf5 {½-½ (30) Karjakin,S (2760)-Vitiugov,N (2732) Khanty-Mansiysk 2019}) 7. a4 h6 8. h3 O-O 9. Re1 Ba7 10. Nbd2 Ne7 11. Nf1 Ng6 12. Ng3 c6 13. Bb3 {[#]} Re8 $146 ({Predecessor:} 13... Be6 14. Bxe6 fxe6 15. Be3 Bxe3 16. Rxe3 Nh7 17. d4 exd4 18. cxd4 Nf4 19. Nd2 Ng5 {½-½ (19) Stocko,J (2362)-Jojua,D (2590) Sarajevo 2017}) 14. d4 Be6 15. Bc2 Qd7 16. dxe5 ({Better is} 16. Be3 $14) 16... dxe5 $11 17. Qxd7 Nxd7 18. Nf5 Red8 19. Rb1 Nc5 20. Be3 Nb3 21. Bxa7 Rxa7 22. Rbd1 Raa8 23. h4 f6 $1 24. g3 Kf8 25. h5 Ne7 26. N3h4 Nxf5 27. exf5 Bf7 28. Ng6+ Bxg6 29. fxg6 Nc5 30. Kf1 Rxd1 31. Rxd1 {[%mdl 4096] Endgame KRB-KRN} Ke7 32. Ke2 Rd8 33. Rb1 Rd6 34. Ke3 Ne6 35. Re1 Nc5 36. Rb1 Kd8 37. Re1 Kc7 38. Rb1 Nd7 39. Bb3 Nc5 40. Bc2 Kd8 41. Re1 Kd7 42. Rb1 Ke7 43. Ke2 Nd7 44. Bb3 f5 45. Bc2 $1 Kf6 46. b4 axb4 47. Rxb4 Nc5 48. Rc4 Ne6 49. Rb4 Rd7 50. a5 Nc5 51. Rc4 Na6 52. Ra4 Rd5 53. Ra2 (53. f4 $1 $11) 53... e4 54. Rb2 $1 {[%cal Rb2b7]} Nc5 ({But not} 54... Rxa5 $6 55. Rxb7 Nc5 56. Rf7+ Kg5 57. Rxg7 $14) 55. Rb6 $1 Rd7 56. Ke3 (56. f4 $1 $15) 56... Ke5 (56... Kg5 $17 57. f3 Kxh5) 57. Rb4 Rd8 58. f4+ exf3 $2 (58... Ke6 $11) 59. Rf4 $1 $16 Rf8 60. Kxf3 $2 (60. g4 $1 $16) 60... Rf6 ({Black should try} 60... Ne4 $11) 61. Ke3 ({White should play} 61. Rd4 $14) 61... Na6 {[#]} (61... Ne6 $1 $11 {remains equal.} 62. Rb4 Nc5) 62. Rf1 (62. Rd4 $1 $16) 62... Nc5 $11 63. Rf4 Na6 {[#]} (63... Ne6 $11 64. Rb4 Nc5) 64. Rf1 (64. Rd4 $1 $16 {[%cal Rd4d7] Hoping for Rd7.} Nc5 65. Rd8) 64... Nc5 {The position is equal.} 65. Rf4 Ne6 66. Rb4 Nc5 67. Rd4 Rf8 68. Rb4 Rf6 $1 69. Rd4 Rf8 70. Rb4 Rf6 $1 71. Rd4 Rf8 72. Rb4 Rf6 73. Rd4 Rf8 74. Rb4 Rf6 75. Rd4 {Accuracy: White = 49%, Black = 66%.} 1/2-1/2

[Event "Final GP Rapid TOP 16 2019"]
[Site "Khanty-Mansijsk"]
[Date "2019.12.02"]
[Round "10.8"]
[White "Maltsevskaya, Aleksandra"]
[Black "Voit, Daria"]
[Result "1-0"]
[WhiteElo "2332"]
[BlackElo "2336"]
[Annotator "TA"]
[PlyCount "47"]
[EventDate "2019.12.01"]
[EventType "tourn"]
[EventCountry "RUS"]
[SourceTitle "playchess.com"]
[Source "ChessBase"]
[SourceQuality "1"]

{[%evp 13,47,-22,-17,-34,0,-4,0,0,0,0,14,0,-10,-7,0,0,0,0,0,-21,0,-20,-32,-22,-26,-27,334,312,919,192,1102,1087,12833,6479,29988,526]} 1. e4 e6 2. d3 d5 3. Nd2 c5 4. g3 Nc6 5. Bg2 Nf6 6. Ngf3 Be7 7. O-O O-O 8. exd5 {C00: French: Unusual White 2nd moves} (8. Re1 Qc7 9. e5 Nd7 10. Qe2 b5 11. Nf1 Bb7 12. Bf4 Rfc8 13. h4 Qd8 14. h5 h6 15. N1h2 b4 16. Ng4 Bf8 17. Qd2 Ne7 18. Ne3 d4 19. Nc4 Nd5 {½-½ (64) Wang,H (2726)-Dominguez Perez,L (2763) Khanty-Mansiysk 2019}) 8... Nxd5 9. Nc4 Qc7 10. a4 {The position is equal.} b6 11. Re1 Bf6 12. Bg5 $146 ({Predecessor:} 12. Ng5 Bb7 {½-½ (29) Galego,L (2477)-Pereira,R (2416) Porto 2011}) 12... Bxg5 13. Nxg5 h6 14. Ne4 Rd8 15. a5 Ba6 16. Ne3 Nxa5 17. Qh5 Nxe3 $1 18. Rxe3 Bb7 19. g4 Rd5 $2 {[%mdl 8192] [#]} (19... f6 $11 {and Black stays safe.}) 20. Nf6+ $1 $18 {[%mdl 512]} gxf6 $2 (20... Kf8 21. Nxd5 Bxd5 22. Bxd5 exd5 23. Qxd5 Qc6) 21. Bxd5 $2 (21. Qxh6 Qe5 22. Rxe5 Rxe5 23. Qxf6 Bxg2 24. Qxe5) 21... Bxd5 $2 (21... Kg7) 22. Qxh6 {Threatening mate with Rh3.} f5 23. gxf5 {f6 would kill now.} exf5 24. Rg3+ {Accuracy: White = 58%, Black = 27%.} (24. Rae1 $142 Be4 25. f4 Qc6 26. Rg3+ Qg6 27. Rxg6+ fxg6 28. Qxg6+ Kf8 29. Qf6+ Ke8 30. Qxf5 {[%mdl 64] Pin}) 1-0

[Event "Final GP Rapid TOP 16 2019"]
[Site "Khanty-Mansijsk"]
[Date "2019.12.03"]
[Round "11.1"]
[White "Voit, Daria"]
[Black "Ponkratov, Pavel"]
[Result "1/2-1/2"]
[WhiteElo "2336"]
[BlackElo "2619"]
[Annotator "TA"]
[PlyCount "105"]
[EventDate "2019.12.01"]
[EventType "tourn"]
[EventCountry "RUS"]
[SourceTitle "playchess.com"]
[Source "ChessBase"]
[SourceQuality "1"]

{[%evp 15,105,22,27,11,42,29,56,63,66,42,68,48,138,137,131,133,131,122,126,87,91,59,60,52,48,41,41,41,45,35,30,0,36,26,70,69,47,25,0,0,9,-19,-10,-18,59,56,19,12,14,21,20,29,12,25,215,202,186,111,113,33,31,32,140,125,128,-286,0,-216,0,-287,0,0,0,0,0,0,0,-364,0,0,0,0,553,450,867,822,855,814,12841,6894,12841,12840]} 1. d4 Nf6 2. Nf3 g6 3. c4 Bg7 4. Nc3 O-O 5. Bg5 d6 6. e3 h6 7. Bh4 Nbd7 8. Be2 e5 9. h3 {E61: King's Indian: Early deviations for White, including Smyslov System} (9. O-O) 9... c6 10. O-O Qe7 11. Qc2 {White is slightly better.} a6 12. a4 $146 ({Predecessor:} 12. Rfd1 e4 13. Nd2 g5 14. Bg3 d5 15. cxd5 cxd5 16. Na4 {1-0 (38) Voit,D (2339)-Bodnaruk,A (2440) St Petersburg 2019}) 12... b6 13. Rfd1 e4 (13... a5 $14) 14. Nd2 $16 g5 15. Bg3 {[%cal Rd2e4]} d5 16. b4 Bb7 17. c5 {Black must now prevent Bd6.} Ne8 18. cxb6 Nxb6 19. b5 axb5 20. axb5 Rxa1 21. Rxa1 c5 $1 {[%cal Rc5d4]} 22. Nb3 cxd4 23. exd4 f5 24. Bb8 Nd6 25. Ba7 $1 {[%cal Ra7b6]} Ndc8 26. Bxb6 Nxb6 27. Na4 Rc8 28. Qd2 Nc4 29. Qe1 Na3 (29... f4 $11) 30. Ra2 $1 $14 Nc2 31. Qd2 e3 $1 {[%cal Re3d2]} 32. fxe3 Nxe3 33. Nac5 {Threatens to win with Ra7.} Nc4 34. Qd3 {aiming for Ra7.} Re8 $2 (34... Nd6 $1 $11) 35. Qxf5 $18 Nd6 36. Qd3 (36. Qg6 $18 {Strongly threatening Bd3.} Bc8 37. Bd3) 36... Bc8 $16 37. Bf3 (37. b6 $1 $16) 37... Qe1+ $14 38. Kh2 {And now Ra1 would win.} Nf5 (38... g4 $14 39. Bxd5+ Kh8) 39. Bxd5+ $16 Kh8 40. Ra8 $2 {[%mdl 8192] [#]} (40. Ne4 $1 $16) 40... Ne3 $2 (40... Nxd4 $1 $19 {[%mdl 512]} 41. Nxd4 Be5+ 42. g3 Qf2+ {[%mdl 64] Double Attack} 43. Bg2 Bxd4) 41. Nd2 $2 (41. Ra1 $1 $11 Qf2 42. Qg6 Ng4+ 43. hxg4 Qh4+ 44. Kg1 Re1+ 45. Rxe1 Qxe1+ 46. Kh2 Qh4+ 47. Kg1 Qe1+ 48. Kh2 Qh4+ 49. Kg1 Qe1+) 41... Rf8 $2 ({Resist} 41... Nxd5 42. Nf3) ({Black should play} 41... g4 $1 $19 {[%csl Ge1][%cal Rg4g3]} 42. Qg6 Nxd5) 42. b6 $2 {[%mdl 8192]} (42. Nf3 $11 Qf2 43. Ra2 Nf1+ 44. Kh1 Ng3+ 45. Kh2 Nf1+ 46. Kh1 Ng3+ 47. Kh2 Nf1+) 42... Nxd5 $2 (42... g4 $1 $19 {[%csl Ge1][%cal Rg4g3]} 43. Nde4 Nf1+ 44. Kh1 g3 45. Nxg3 Nxg3+ {[%mdl 64] Discovered Attack (Double check)} 46. Kh2 Nf1+ 47. Kh1 Be5 $1 {[%mdl 576] Promotion} 48. dxe5 Qxe5) 43. b7 $36 {[%mdl 2048] White has good play.} Bxb7 $1 44. Rxf8+ Bxf8 45. Nxb7 Ne3 {Hoping for ...g4.} 46. d5 $2 {[%mdl 8192]} (46. Nc4 $11 {and White stays safe.} Nf1+ 47. Kg1 Ng3+ 48. Kh2 Nf1+ 49. Kg1 Ng3+ 50. Kh2 Nf1+) 46... Qf2 $2 (46... g4 $19 {[%csl Ge1][%cal Rg4g3]} 47. h4 g3+ 48. Kh3 Qh1+ 49. Kxg3 Qxg2+ {[%mdl 64] Double Attack} 50. Kf4 Nxd5+ 51. Kf5 Ne7+ {[%mdl 64] Discovered Attack} 52. Kf4 Qxb7 53. Qd4+ Bg7) 47. Qd4+ Bg7 {[%csl Ge3][%cal Rf2g2]} (47... Kg8 $5 48. Qe4 $8 g4 49. Qe6+ Kh8 $1 {[%mdl 512]} 50. Qe5+ Kg8 $1 {[%mdl 512]} 51. Qe6+ {[%mdl 64] Double Attack} Kh7 $1 {[%mdl 512]} 52. Qe4+ Kg8 53. Qe6+ $11) 48. Qe4 Be5+ $2 {[%mdl 8192]} (48... g4 $11 {and Black is okay.} 49. Qe8+ Bf8 50. Qe5+ Kg8 $1 {[%mdl 512]} 51. Qe6+ {[%mdl 64] Double Attack} Kh8 $1 {[%mdl 512]} 52. Qe5+ Bg7 53. Qe8+ Kh7 $1 {[%mdl 512]} 54. Qe4+ {[%mdl 64] Double Attack} Kg8 55. Qe6+ Kh8 $1 {[%mdl 512]} 56. Qe8+) 49. Qxe5+ $18 {White is clearly winning.} Kh7 (49... Kg8 $142 50. Qe4 Qxd2 51. Qg6+ {[%mdl 64] Double Attack} Kh8 52. Qxh6+ Kg8 53. Qxg5+ Kh7) 50. Qe4+ Kg7 {[#]} 51. Nd6 $1 Kf6 52. Qe6+ Kg7 {[#]} 53. Qxe3 $1 {[%mdl 33344] Remove Defender. Accuracy: White = 36%, Black = 33%. . An unexpected result.} 1/2-1/2

[Event "Final GP Rapid TOP 16 2019"]
[Site "Khanty-Mansijsk"]
[Date "2019.12.03"]
[Round "11.2"]
[White "Nesterov, Arseniy"]
[Black "Maltsevskaya, Aleksandra"]
[Result "*"]
[WhiteElo "2489"]
[BlackElo "2332"]
[Annotator "TA RC"]
[PlyCount "61"]
[EventDate "2019.12.01"]
[EventType "tourn"]
[EventCountry "RUS"]
[SourceTitle "playchess.com"]
[Source "ChessBase"]
[SourceQuality "1"]

{[%evp 9,73,0,18,12,22,19,13,12,28,24,36,38,75,81,85,81,82,79,80,70,122,129,128,127,125,133,207,201,232,221,211,214,273,271,272,264,379,367,390,348,475,484,538,544,621,608,1322,1270,1220,792,790,783,783,764,987,981,1722,877,866,880,1181,858,1139,856,1282,1282]} 1. Nf3 d5 2. d4 Nf6 3. c4 e6 4. g3 Bb4+ 5. Bd2 Bd6 (5... Be7 6. Bg2 O-O 7. O-O Nbd7 8. a4 a5 9. Qc2 c6 10. Na3 Ne4 11. Bf4 g5 12. Be3 f5 13. Rad1 Qe8 14. Qc1 h6 15. Ne5 Kh7 {½-½ (104) Nakamura,H (2743)-Karjakin,S (2750) Saint Louis 2019}) 6. Qc2 {E01: Catalan: Early deviations} O-O 7. Bg2 b6 8. O-O {The position is equal.} c6 9. Bg5 Ba6 10. Nbd2 Nbd7 $146 ({Predecessor:} 10... Be7 11. Bxf6 Bxf6 12. Rfd1 Nd7 13. e4 Rc8 14. Rac1 g6 15. cxd5 cxd5 16. Qa4 Be2 17. Rxc8 Bxd1 18. Rxd8 Bxa4 19. Rxf8+ Kxf8 20. e5 Be7 {½-½ (20) Steiner,S (2355)-Handler,L (2386) Austria 2018}) 11. e4 {[#] e5 is the strong threat.} dxe4 12. Nxe4 Be7 {Black wants to play ...Nxe4.} 13. Nxf6+ Bxf6 14. Be3 Rc8 (14... Qc8 $14) 15. Qa4 $16 Nb8 16. Bf4 {Black must now prevent Bxb8.} b5 17. Qa3 {And now Bxb8 would win.} b4 (17... Be7 $16 18. b4 Bd6) 18. Qxb4 $18 c5 19. dxc5 Nc6 20. Qb3 Qa5 21. Bd6 Rfd8 22. Rfd1 Be7 (22... h6 $142 23. Rab1 Be7) 23. Rac1 Bxd6 24. cxd6 ({Weaker is} 24. Rxd6 Qxc5 25. Rxd8+ Rxd8 $16) 24... Rb8 25. Qc2 {White is clearly winning.} Nb4 26. Qd2 Qxa2 27. c5 Bc4 28. Ra1 {[%cal Bc1a1,Ba1a3,Ba3c3][%mdl 32]} Qb3 29. Ra3 Qc2 30. Qxc2 Nxc2 31. Rxa7 {Played: Ra3-c3} *

[Event "Final GP Rapid TOP 16 2019"]
[Site "Khanty-Mansijsk"]
[Date "2019.12.03"]
[Round "11.2"]
[White "Nesterov, Arseniy"]
[Black "Maltsevskaya, Aleksandra"]
[Result "1-0"]
[WhiteElo "2489"]
[BlackElo "2332"]
[Annotator "ChessBase"]
[PlyCount "73"]
[EventDate "2019.12.01"]
[EventType "tourn"]
[EventCountry "RUS"]
[SourceTitle "playchess.com"]
[Source "ChessBase"]
[SourceQuality "1"]
[TimeControl "900+10"]

1. Nf3 {[%emt 0:00:00]} d5 {[%emt 0:00:16]} 2. d4 {[%emt 0:00:00]} Nf6 {[%emt 0:00:17]} 3. c4 {[%emt 0:00:00]} e6 {[%emt 0:00:15]} 4. g3 {[%emt 0:00:12]} Bb4+ {[%emt 0:00:18]} 5. Bd2 {[%emt 0:00:02]} Bd6 {[%emt 0:00:01]} 6. Qc2 {[%emt 0:00:42]} O-O {[%emt 0:00:32]} 7. Bg2 {[%emt 0:00:02]} b6 {[%emt 0:00:32]} 8. O-O {[%emt 0:00:38]} c6 {[%emt 0:00:52]} 9. Bg5 {[%emt 0:01:22]} Ba6 {[%emt 0:02:02]} 10. Nbd2 {[%emt 0:01:19]} Nbd7 {[%emt 0:06:04]} 11. e4 {[%emt 0:01:47]} dxe4 {[%emt 0:00:02]} 12. Nxe4 {[%emt 0:00:03]} Be7 {[%emt 0:00:01]} 13. Nxf6+ {[%emt 0:00:15]} Bxf6 {[%emt 0:00:25]} 14. Be3 {[%emt 0:01:26]} Rc8 {[%emt 0:01:12]} 15. Qa4 {[%emt 0:01:33]} Nb8 {[%emt 0:00:02]} 16. Bf4 {[%emt 0:01:51]} b5 {[%emt 0:02:25]} 17. Qa3 {[%emt 0:00:05]} b4 {[%emt 0:01:24]} 18. Qxb4 {[%emt 0:00:33]} c5 {[%emt 0:01:01]} 19. dxc5 {[%emt 0:00:19]} Nc6 {[%emt 0:00:02]} 20. Qb3 {[%emt 0:02:18]} Qa5 {[%emt 0:00:24]} 21. Bd6 {[%emt 0:00:18]} Rfd8 {[%emt 0:00:03]} 22. Rfd1 {[%emt 0:00:44]} Be7 {[%emt 0:00:13]} 23. Rac1 {[%emt 0:00:59]} Bxd6 {[%emt 0:00:11]} 24. cxd6 {[%emt 0:00:03]} Rb8 {[%emt 0:00:04]} 25. Qc2 {[%emt 0:00:29]} Nb4 {[%emt 0:00:18]} 26. Qd2 {[%emt 0:00:19]} Qxa2 {[%emt 0:00:07]} 27. c5 {[%emt 0:00:14]} Bc4 {[%emt 0:00:13]} 28. Ra1 {[%emt 0:01:12]} Qb3 {[%emt 0:00:02]} 29. Ra3 {[%emt 0:00:06]} Qc2 {[%emt 0:00:16]} 30. Qxc2 {[%emt 0:00:03]} Nxc2 {[%emt 0:00:01]} 31. Rc3 {[%emt 0:00:27]} Bb3 {[%emt 0:00:20]} 32. c6 {[%emt 0:00:15]} Ne3 {[%emt 0:00:13]} 33. fxe3 {[%emt 0:00:34]} Bxd1 {[%emt 0:00:02]} 34. c7 {[%emt 0:00:01]} Rbc8 {[%emt 0:00:16]} 35. cxd8=Q+ {[%emt 0:00:09]} Rxd8 {[%emt 0:00:01]} 36. Ne5 {[%emt 0:00:16]} f6 {[%emt 0:00:12]} 37. d7 {[%emt 0:00:08]} 1-0

[Event "Final GP Rapid TOP 16 2019"]
[Site "Khanty-Mansijsk"]
[Date "2019.12.03"]
[Round "11.3"]
[White "Pridorozhni, Aleksei"]
[Black "Murzin, Volodar"]
[Result "1/2-1/2"]
[WhiteElo "2602"]
[BlackElo "2429"]
[Annotator "TA"]
[PlyCount "129"]
[EventDate "2019.12.01"]
[EventType "tourn"]
[EventCountry "RUS"]
[SourceTitle "playchess.com"]
[Source "ChessBase"]
[SourceQuality "1"]

{[%evp 9,129,17,17,5,15,-2,14,13,30,16,20,4,22,11,24,18,17,16,39,25,38,49,44,38,33,22,25,25,37,26,23,17,17,15,18,16,21,14,24,20,41,21,38,11,27,24,25,20,28,0,38,16,35,0,0,-4,14,17,16,0,32,10,7,8,11,22,23,0,21,-27,-13,-12,-22,-20,0,0,0,0,0,0,0,0,0,0,0,0,0,0,0,0,0,0,12,0,14,7,23,0,0,0,0,0,0,0,0,0,0,0,0,0,0,0,0,0,0,0,0,0,0,0,0,0]} 1. e4 c6 2. Nc3 d5 3. Nf3 Bg4 4. h3 Bxf3 5. Qxf3 e6 6. Qg3 {B11: Caro-Kann: Two Knights Variation} (6. d4 dxe4 7. Nxe4 Qxd4 8. Bd3 Nd7 9. c3 Qd5 10. Qg3 Ngf6 11. Nxf6+ Nxf6 12. Bc2 O-O-O 13. Be3 Qa5 14. O-O Nd5 15. Bd4 {0-1 (56) Nepomniachtchi,I (2775)-Mamedyarov,S (2765) Paris 2019}) 6... Nf6 7. exd5 Nxd5 8. Nxd5 $146 ({Predecessor:} 8. Bc4 Qd6 9. Ne4 Qxg3 10. fxg3 Nd7 11. d4 N7f6 12. Nxf6+ Nxf6 13. O-O Bd6 14. g4 O-O 15. Be3 Rac8 {½-½ (15) Spielmann,R-Flohr,S Bled 1931}) 8... Qxd5 9. Be2 Nd7 10. O-O Bd6 11. Qe3 Bc5 (11... Qf5 {is more complex.} 12. d3 O-O 13. Re1 Nf6 14. Qg5 Nd5) 12. Qf3 (12. Qb3 {is interesting.} Bb6 13. Rd1 Qe4 14. Bf3 Qd4 15. Qe3) 12... Qxf3 13. Bxf3 Ne5 14. Be2 O-O-O 15. d3 h5 16. Re1 h4 17. Bf4 Ng6 18. Bd2 Ne7 19. Rad1 Nd5 20. a3 Bd4 21. c3 Bf6 22. d4 Rd7 23. Bf3 Rhd8 24. Bc1 Nb6 25. Kf1 Na4 26. Be4 Nb6 27. Bc2 Rd5 28. a4 a6 29. Ke2 R5d7 30. Kf3 Nd5 31. Re4 b5 32. Bb3 Nb6 33. axb5 axb5 34. Rde1 Kb7 35. Bf4 Ra8 36. Be5 {With the idea Bxf6.} Bxe5 37. Rxe5 b4 38. Rh5 Kc7 39. Rh7 bxc3 40. bxc3 Ra3 41. Rb1 Nd5 42. Bxd5 $1 Rxc3+ 43. Ke2 {[#] aiming for Bb3.} Rxd5 44. Rxg7 $11 {[%mdl 4096] Endgame KRR-KRR} Rf5 45. Rb2 Rf4 46. Rg4 Rxg4 47. hxg4 {KR-KR} h3 48. gxh3 Rxh3 49. Ra2 Kb7 50. Ra5 {Threatening Rh5.} Rh7 51. Ke3 Kc7 52. Ra7+ Kd6 53. f4 Rh3+ {The position is equal.} 54. Ke4 f6 55. Rf7 Rg3 56. Rxf6 Rxg4 57. Rh6 Rg1 58. f5 Re1+ 59. Kd3 Kd5 60. fxe6 (60. Rh8 {looks sharper.} Kd6 61. f6 Rf1 62. Rd8+ Kc7 63. Rf8) 60... Rxe6 61. Rxe6 Kxe6 62. Kc3 Kd5 63. Kd3 c5 64. dxc5 Kxc5 65. Ke4 {Accuracy: White = 42%, Black = 51%.} 1/2-1/2

[Event "Final GP Rapid TOP 16 2019"]
[Site "Khanty-Mansijsk"]
[Date "2019.12.03"]
[Round "11.4"]
[White "Shaposhnikov, Evgeny"]
[Black "Tsydypov, Zhamsaran"]
[Result "0-1"]
[WhiteElo "2568"]
[BlackElo "2553"]
[Annotator "TA"]
[PlyCount "98"]
[EventDate "2019.12.01"]
[EventType "tourn"]
[EventCountry "RUS"]
[SourceTitle "playchess.com"]
[Source "ChessBase"]
[SourceQuality "1"]

{[%evp 18,98,28,37,28,31,31,31,31,24,66,33,39,37,86,81,89,98,157,139,349,327,250,0,0,0,255,234,327,323,408,367,403,411,437,-91,-88,-88,-96,-86,-96,-102,-102,-112,0,0,0,0,0,-144,-135,-137,-150,-133,-149,-167,-138,-167,-123,-130,-102,-92,-93,-95,-114,-161,-169,-172,-173,-213,-187,-339,-327,-340,-336,-4958,-404,-29979,-29979,-29979,-29980,-29980,-29981]} 1. e4 c5 2. Nf3 d6 3. d4 cxd4 4. Nxd4 Nf6 5. Nc3 a6 6. g3 e6 7. Bg2 Be7 8. O-O Qc7 9. Be3 O-O 10. g4 Nc6 {B80: Sicilian Scheveningen: 6 g3 and 6 Be3, including English Attack} (10... Nfd7 11. g5 Ne5 12. f4 Nc4 13. Bc1 Nc6 14. Nxc6 bxc6 15. Kh1 f6 16. b3 Nb6 17. h4 d5 18. Bd2 {0-1 (51) Ragger,M (2687)-Tsydypov,Z (2529) St Petersburg 2018}) 11. g5 Nd7 12. f4 Nb6 {White is slightly better.} 13. b3 Bd7 $146 ({Predecessor:} 13... Nxd4 14. Qxd4 e5 15. Qd2 exf4 16. Bxf4 Be6 17. Ne2 Nd7 18. Nd4 {½-½ (44) Oparin,G (2546)-Nasuta,G (2339) Riga 2014}) 14. Nce2 d5 15. e5 Be8 16. Rf3 Nd7 17. Rh3 Nc5 (17... Nxd4 $142 18. Nxd4 (18. Bxd4 g6 $16) 18... g6) 18. Qe1 f5 $2 (18... Rc8 $16 19. Qh4 (19. Nxc6 Bxc6 20. Qh4 h6 $16) 19... h6) 19. gxf6 gxf6 20. Nxe6 $2 (20. Qh4 Bg6 $16) (20. Nxc6 $6 Qxc6 21. Qh4 Rf7) (20. b4 $18 fxe5 21. Nxc6 (21. bxc5 exd4 22. Nxd4 Rf6 $14) 21... Bxc6 22. Qg3+ (22. Bxc5 Bxc5+ 23. bxc5 exf4 $16) 22... Kh8 23. Qg6 (23. bxc5 Rf7 $14) (23. Bxc5 Bxc5+ 24. bxc5 exf4 $11)) 20... Nxe6 $11 21. Bxd5 Ncd8 $2 {[%mdl 8192]} (21... Qd7 $1 $11 22. Rd1 (22. Qh4 h5 $17) 22... f5) 22. Nd4 $1 $18 Qd7 23. c4 $1 ({Stronger than} 23. Nxe6 Nxe6 24. Qg3+ (24. Qh4 Bg6 $15) 24... Bg6 $11) 23... fxe5 24. f5 {[%cal Rd4e6][%mdl 64] Pin} ({Worse is} 24. Nxe6 Nxe6 25. Rh6 Bg6 $15) 24... exd4 25. Qg3+ $1 Kh8 26. Rxh7+ $2 ({Only move:} 26. fxe6 $18 Nxe6 27. Rxh7+ $1 {[%mdl 576] Decoy, Clearance} Kxh7 28. Qh3+ {[%mdl 64] Double Attack} Kg7 29. Qh6+ Kg8 30. Bxe6+ Rf7 31. Bxd7 (31. Qg6+ Kh8 $16)) 26... Kxh7 $17 27. Qh3+ Kg8 28. fxe6 {[#]} Qxd5 $1 29. cxd5 {Kh1 is the strong threat.} dxe3 30. Kh1 {Rg1+ would kill now.} Rf6 ({Black should play} 30... Bg6 $17 {aiming for ...Be4+.} 31. Rg1 Kg7) 31. Rg1+ $1 $11 Rg6 {Strongly threatening ...e2.} 32. Qxe3 Rc8 33. Qh6 (33. Rxg6+ $11 {keeps the balance.} Bxg6 34. d6 $1 {[%mdl 512]} Bxd6 35. e7 Bxe7 36. Qxe7) 33... Rxg1+ $17 34. Kxg1 Rc5 35. Qd2 Nxe6 36. dxe6 Rg5+ 37. Kf2 Rf5+ 38. Kg3 Bc6 39. Qh6 {Threatens to win with Qg6+.} Rf6 40. Qg5+ Kh7 41. Qe5 {[#]} Kg6 $1 42. h4 Rf5 43. Qc7 Kf6 44. Kg4 $2 (44. Qb8) 44... Re5 $19 45. h5 {If White can now play h6 this consolidates a bit.} Rg5+ (45... Rxe6 $2 46. Qf4+ Kg7 47. Kh3 $17) (45... Kxe6 $2 46. Qc8+ Kf7 47. Qh8 $17) 46. Kh4 $2 (46. Kf4 Rxh5 47. Qc8) 46... Kxe6 (46... Rd5 $142 47. Qf4+ Kxe6+ 48. Kg4 Rg5+ 49. Qxg5 Bxg5 50. Kxg5 Kf7) 47. h6 (47. Qxe7+ $19 Kxe7 48. Kxg5) 47... Rg8+ {Black mates.} 48. Kh3 Bg2+ 49. Kh2 Bd6+ {Accuracy: White = 53%, Black = 61%.} 0-1